000 00557nmm a2200169Ia 4500
008 251105s9999||||xx |||||||||||||||||und||
020 _a9788437095165
041 _aeng
100 _aBrígido Corachán, Anna Maria
245 0 _aAppraising Digital Storytelling across Educational Contexts
264 _a[Madrid, España] :
_bPublicaciones de la Universidad de Valencia (PUV),
_c2014
300 _a226 páginas
490 _aEnglish in the world series
650 _aEducation
856 _uhttps://public.digitaliapublishing.com/a/34806
942 _cCF
999 _c82666
_d82666